Największe kraje w Azji - Statystyki

Ogólne statystyki
  • Ten quiz został rozwiązany 582 razy
  • Średni wynik to 8 z 10
Statystyki odpowiedzi
Powierzchnia Kraj % Poprawnych
9 597 000 km² Chiny
99%
3 287 000 km² Indie
94%
2 725 000 km² Kazachstan
89%
1 564 000 km² Mongolia
85%
2 150 000 km² Arabia Saudyjska
83%
1 905 000 km² Indonezja
80%
1 648 000 km² Iran
80%
881 913 km² Pakistan
74%
652 237 km² Afganistan
62%
676 575 km² Mjanma
41%
Nie znaleziono quizów pasujących do podanych kryteriów
Rozkład punktacji
Procent ludzi z każdym wynikiem
Percentyl według liczby udzielonych odpowiedzi
Twoja historia wyników
Nie rozwiązałeś tego quizu